00381nam a2200157Ia 4500008004100000020001500041041000800056082001300064100001500077245003600092250000600128260004400134300000800178650002200186700001500208210716s2004 xx 000 0 und d a0192800469 aeng a413 PYLI aPyle, Ian. aOxford dictionary of computing. a4 aNew YorkbOxford University Pressc2004 a550 aDictionaries(413) aPyle, Ian.